Normal view
MARC view
- الإدارة الاستراتيجية - العلاقات العامة - إدارة
Entry Topical Term
001 - CONTROL NUMBER
- control field: 58142
003 - CONTROL NUMBER IDENTIFIER
- control field: JO-AjAnu
005 - DATE AND TIME OF LATEST TRANSACTION
- control field: 20230606083521.0
008 - FIXED-LENGTH DATA ELEMENTS
- fixed length control field: 230606|| aca||aabn | a|a d
040 ## - CATALOGING SOURCE
- Original cataloging agency: JO-AjAnu
- Transcribing agency: JO-AjAnu
150 ## - HEADING--TOPICAL TERM
- Topical term or geographic name entry element: الإدارة الاستراتيجية - العلاقات العامة - إدارة
670 ## - SOURCE DATA FOUND
- Source citation: Work cat.: (JO-AjAnu)29662: الجبوري، علي عبودي نعمة, author 58141, إدارة إستراتيجية العلاقات العامة: المفاهيم - الممارسات - الخطط